自君別後
| 資料類型: | 圖書 | 書目號: | 41708 |
Leader xxxxxxxxxx 001 __ PCLIS00041708 005 __ 20100203114200.00 010 0_ |a957-|b平裝|dNT$200 020 __ |acw|b82005151 100 __ |a20100203d2010 0chib0109 e 101 0_ |achi 102 __ |acw 105 __ |aa z 000yy 200 1_ |a自君別後|e|f陳薇|g 205 __ |a初版 210 __ |a臺北市|c台彩文化|d民82年 215 0_ |a面|c圖, 表|d公分 225 1_ |a|v 300 __ |a 681 __ |a|b 700 __ |a陳|b薇|4 702 _1 |a|b|4 801 __ |acw|b本館|c20100203 |